000
00241nam a2200109Ia 4500
005
20251222152633.0
008
251222s9999||||xx |||||||||||||| ||spa||
082
_a
262.91/U61
100
_a
UCSS
245
0
_a
Ex Code Ecclesiae:
942
_c
LIB
999
_c
27805
_d
27805